Normal view
MARC view
- Lembaga Penyelidikan Undang-Undang,
Entry Corporate Name
001 - CONTROL NUMBER
- control field: 9083
003 - CONTROL NUMBER IDENTIFIER
- control field: OSt
005 - DATE AND TIME OF LATEST TRANSACTION
- control field: 20171030094326.0
008 - FIXED-LENGTH DATA ELEMENTS
- fixed length control field: 171030|| aca||aabn | a|a d
040 ## - CATALOGING SOURCE
- Original cataloging agency: OSt
- Transcribing agency: OSt
110 ## - HEADING--CORPORATE NAME
- Corporate name or jurisdiction name as entry element: Lembaga Penyelidikan Undang-Undang,
670 ## - SOURCE DATA FOUND
- Source citation: Work cat.: (OSt): Malaysia 400, PERLEMBAGAAN DAN UNDANG-UNDANG AM :, 2014

PORTAL AKMAL
E-MEL JKDM
AKMAL2U
G-BAM
u-PUSTAKA